اعلام النساء في عالمي العرب والاسلام

Bibliographic Details
Main Author: كحاله, عمر رضا (Author)
Format: Book
Published: Bayrut : Mu'assasah al-Risalah , 1982
Subjects:

MARC

LEADER 00000cam a2200000 7i4500
001 0000002358
005 20041214093000.0
008 021118s1982
090 0 0 |a CT3700   |b .K33 1982 
100 0 |a كحاله, عمر رضا ,   |e author 
245 1 0 |a اعلام النساء في عالمي العرب والاسلام   |c عمر رضا كحاله 
260 2 |a Bayrut :   |b Mu'assasah al-Risalah ,   |c 1982 
300 |a 5 v. ;   |c 25 cm. 
650 0 |a Muslim women   |x Biography 
999 |a 1000040709   |b Book   |c OPEN SHELF (30 DAYS)   |e Gong Badak Campus 
999 |a 1000040710   |b Book   |c OPEN SHELF (30 DAYS)   |e Gong Badak Campus 
999 |a 1000040711   |b Book   |c OPEN SHELF (30 DAYS)   |e Gong Badak Campus 
999 |a 1000040712   |b Book   |c OPEN SHELF (30 DAYS)   |e Gong Badak Campus 
999 |a 1000040713   |b Book   |c OPEN SHELF (30 DAYS)   |e Gong Badak Campus 
999 |a 1000040714   |b Book   |c OPEN SHELF (30 DAYS)   |e Gong Badak Campus 
999 |a 1000040715   |b Book   |c OPEN SHELF (30 DAYS)   |e Gong Badak Campus 
999 |a 1000040716   |b Book   |c OPEN SHELF (30 DAYS)   |e Gong Badak Campus 
999 |a 1000040717   |b Book   |c OPEN SHELF (30 DAYS)   |e Gong Badak Campus 
999 |a 1000040718   |b Book   |c OPEN SHELF (30 DAYS)   |e Gong Badak Campus 
999 |a 1000040719   |b Book   |c OPEN SHELF (30 DAYS)   |e Gong Badak Campus 
999 |a 1000040720   |b Book   |c OPEN SHELF (30 DAYS)   |e Gong Badak Campus 
999 |a 1000040721   |b Book   |c OPEN SHELF (30 DAYS)   |e Gong Badak Campus 
999 |a 1000040722   |b Book   |c OPEN SHELF (30 DAYS)   |e Gong Badak Campus 
999 |a 1000040723   |b Book   |c OPEN SHELF (30 DAYS)   |e Gong Badak Campus